00538nam a2200133Ia 4500008004100000100002300041245013200064245005300196260005300249260001800302300000800320650001500328856006100343170221s9999 xx 000 0 und d aSyed Sibtain Kazmi aImpact of Benefit Realization Management on Two-dimensional Model of Project Success: Evidence from Pakistani Telecom Industry  cSyed Sibtain Kazmi, Arslan Rafi, Muhammad Hassan bInternational Review of Management and Marketing cDecember 2014 a6:2 xMarketing. uhttp://www.econjournals.com/index.php/irmm/issue/view/77